书目信息 |
| 题名: |
水中内分泌干扰物处理技术与原理
|
|
| 作者: | 高乃云 , 严敏 , 赵建夫 , 徐斌 著 | |
| 分册: | ||
| 出版信息: | 北京 中国建筑工业出版社 2010 |
|
| 页数: | 394页 | |
| 开本: | 26cm | |
| 丛书名: | 环境科学与工程丛书 | |
| 单 册: | ||
| 中图分类: | TU991.2 | |
| 科图分类: | ||
| 主题词: | 水处理--shui chu li | |
| 电子资源: | ||
| ISBN: | 978-7-112-11800-7 | |
| 000 | 01173nam 2200325 450 | |
| 001 | 0100001159 | |
| 005 | 20191029093344.35 | |
| 010 | @a978-7-112-11800-7@dCNY68.00 | |
| 100 | @a20110218d2010 ekmy0chiy0120 ea | |
| 101 | 0 | @achi |
| 102 | @aCN@b110000 | |
| 105 | @aak a 000yy | |
| 200 | 1 | @a水中内分泌干扰物处理技术与原理@d= Technology and principle for endocrine disrupting chemicals treatment@f高乃云 ... [等] 著@zeng |
| 210 | @a北京@c中国建筑工业出版社@d2010 | |
| 215 | @a394页@c图@d26cm | |
| 225 | 2 | @a环境科学与工程丛书 |
| 304 | @a本书还有: 严敏, 赵建夫, 徐斌著 | |
| 320 | @a有书目 (第385-394页) | |
| 330 | @a本书的主要内容分别为: 总论、消遣内分泌干扰物的性质与危害、水中内分泌干扰物的检测与分析、饮用水常规处理对内分泌干扰物的去除等. | |
| 410 | 0 | @12001 @a环境科学与工程丛书 |
| 510 | 1 | @aTechnology and principle for endocrine disrupting chemicals treatment@zeng |
| 606 | 0 | @a水处理@Ashui chu li |
| 690 | @aTU991.2@v4 | |
| 701 | 0 | @a高乃云@Agao nai yun@4著 |
| 701 | 0 | @a严敏@Ayan min@4著 |
| 701 | 0 | @a赵建夫@Azhao jian fu@4著 |
| 701 | 0 | @a徐斌@Axu bin@4著 |
| 801 | 0 | @aCN@c20101201 |
| 901 | @a00 | |
| 905 | @b21010827-29@dTU991.2@eG150 | |
| 水中内分泌干扰物处理技术与原理= Technology and principle for endocrine disrupting chemicals treatment/高乃云 ... [等] 著.-北京:中国建筑工业出版社,2010 |
| 394页:图;26cm.-(环境科学与工程丛书) |
| ISBN 978-7-112-11800-7:CNY68.00 |
| 本书的主要内容分别为: 总论、消遣内分泌干扰物的性质与危害、水中内分泌干扰物的检测与分析、饮用水常规处理对内分泌干扰物的去除等. |
| ● |
| 相关链接 |
|
|
|
正题名:水中内分泌干扰物处理技术与原理
索取号:TU991.2/G150
 
预约/预借
| 序号 | 登录号 | 条形码 | 馆藏地/架位号 | 状态 | 备注 |
| 1 | 1010827 | 210108275 | 建筑库201/201建筑库 131排1列4层/ [索取号:TU991.2/G150] | 在馆 | |
| 2 | 1010828 | 210108284 | 建筑库201/201建筑库 131排1列4层/ [索取号:TU991.2/G150] | 在馆 | |
| 3 | 1010829 | 210108293 | 市政与环境工程学院资料室/101建筑库 96排4列2层/ [索取号:TU991.2/G150] | 在馆 | |
| 4 | 1454864 | 214548649 | 建筑库201/201建筑库 131排1列4层/ [索取号:TU991.2/G150] | 在馆 | |
| 5 | 1454865 | 214548658 | 建筑库201/201建筑库 131排1列4层/ [索取号:TU991.2/G150] | 在馆 | |
| 6 | 1454866 | 214548667 | 建筑库201/201建筑库 131排1列4层/ [索取号:TU991.2/G150] | 在馆 | |
| 7 | 1454867 | 214548676 | 建筑库201/201建筑库 131排1列4层/ [索取号:TU991.2/G150] | 在馆 | |
| 8 | 1454868 | 214548685 | 建筑库201/201建筑库 131排1列4层/ [索取号:TU991.2/G150] | 在馆 |